LEADER 01473nam 2200505 450 001 9910466101403321 005 20200520144314.0 010 $a2-7592-2589-5 010 $a2-7592-2590-9 035 $a(CKB)3710000001364064 035 $a(MiAaPQ)EBC4845338 035 $a(PPN)203365356 035 $a(Au-PeEL)EBL4845338 035 $a(CaPaEBR)ebr11382381 035 $a(OCoLC)987076059 035 $a(EXLCZ)993710000001364064 100 $a20170524h20172017 uy 0 101 0 $afre 135 $aurcnu|||||||| 181 $2rdacontent 182 $2rdamedia 183 $2rdacarrier 200 03$aLa chaine du froid $e60 cle?s pour comprendre /$fAnthony Delahaye [and four others] 210 1$aVersailles Cedex, France :$cE?ditions Quae,$d2017. 210 4$dİ2017 215 $a1 online resource (115 pages) $cillustrations 225 0 $aCle?s pour comprendre 311 $a2-7592-2588-7 320 $aIncludes bibliographical references. 606 $aCold storage 606 $aFrozen foods 606 $aRefrigeration and refrigerating machinery 608 $aElectronic books. 615 0$aCold storage. 615 0$aFrozen foods. 615 0$aRefrigeration and refrigerating machinery. 676 $a664.02852 702 $aDelahaye$b Anthony 801 0$bMiAaPQ 801 1$bMiAaPQ 801 2$bMiAaPQ 906 $aBOOK 912 $a9910466101403321 996 $aLa chaine du froid$92121344 997 $aUNINA LEADER 01875nam 2200493 a 450 001 9910701823903321 005 20150410110250.0 035 $a(CKB)5470000002421872 035 $a(OCoLC)795843522 035 $a(EXLCZ)995470000002421872 100 $a20120619d1985 ua 0 101 0 $aeng 135 $aurbn||||||||| 181 $ctxt$2rdacontent 182 $cc$2rdamedia 183 $acr$2rdacarrier 200 00$aServicer system demonstration plan and capability development$b[electronic resource] $efinal technical report /$fprepared by M.A. Bulboaca ... [and others] 210 1$aDenver, Colo. :$cMartin Marietta Denver Aerospace ;$a[Washington, D.C.]:$c[National Aeronautics and Space Administration],$d[1985] 215 $a1 online resource (xii pages, 480 unnumbered pages) $cillustrations 225 1 $aNASA CR ;$v178714 300 $aTitle from title screen (viewed on June 19, 2012). 300 $a"December 1985." 517 $aServicer system demonstration plan and capability development 606 $aDesign analysis$2nasat 606 $aEquipment specifications$2nasat 606 $aOrbital maneuvering vehicles$2nasat 606 $aOrbital servicing$2nasat 606 $aPropellant transfer$2nasat 606 $aSystems integration$2nasat 615 7$aDesign analysis. 615 7$aEquipment specifications. 615 7$aOrbital maneuvering vehicles. 615 7$aOrbital servicing. 615 7$aPropellant transfer. 615 7$aSystems integration. 701 $aBulboaca$b M. A$01417561 712 02$aMartin Marietta Denver Aerospace. 712 02$aUnited States.$bNational Aeronautics and Space Administration. 801 0$bGPO 801 1$bGPO 906 $aBOOK 912 $a9910701823903321 996 $aServicer system demonstration plan and capability development$93526365 997 $aUNINA